| 000 | 00463nam a2200205Ia 4500 | ||
|---|---|---|---|
| 005 | 20240823035326.0 | ||
| 008 | 240823s9999||||xx |||||||||||||| ||und|| | ||
| 020 | _a81-88043-23-0 | ||
| 041 | _aENGLISH | ||
| 082 | _A294.537 P5 | ||
| 100 | _aMohan Makkar | ||
| 245 | 0 | _aRudraksha Magic | |
| 250 | _a1st | ||
| 260 |
_c2005 _bWinsome Books |
||
| 500 | _aYES | ||
| 650 |
_aRudraksha Magic _bGeneral |
||
| 700 | _a Geeta . | ||
| 942 | _cBK | ||
| 999 |
_c200417 _d200417 |
||